Handbook of fingerprint recognition / (Record no. 175263)
[ view plain ]
| 000 -LEADER | |
|---|---|
| fixed length control field | 01167 a2200229 4500 |
| 003 - CONTROL NUMBER IDENTIFIER | |
| control field | Nust |
| 005 - DATE AND TIME OF LATEST TRANSACTION | |
| control field | 20220728160715.0 |
| 010 ## - LIBRARY OF CONGRESS CONTROL NUMBER | |
| LC control number | 2003042439 |
| 020 ## - INTERNATIONAL STANDARD BOOK NUMBER | |
| International Standard Book Number | 0387954317 (alk. paper) |
| 040 ## - CATALOGING SOURCE | |
| Transcribing agency | Nust |
| 082 00 - DEWEY DECIMAL CLASSIFICATION NUMBER | |
| Classification number | 363.258,MAL |
| 245 00 - TITLE STATEMENT | |
| Title | Handbook of fingerprint recognition / |
| Statement of responsibility, etc. | Anil K. Jain. |
| 260 ## - PUBLICATION, DISTRIBUTION, ETC. | |
| Place of publication, distribution, etc. | New York : |
| Name of publisher, distributor, etc. | Springer, |
| Date of publication, distribution, etc. | c2003. |
| 300 ## - PHYSICAL DESCRIPTION | |
| Extent | xii, 348 p. : |
| Other physical details | ill. ; |
| Dimensions | 24 cm. + |
| Accompanying material | 1 computer CD-ROM (4 3/4 in.) |
| 505 ## - FORMATTED CONTENTS NOTE | |
| Formatted contents note | Introduction (Page-1),Fingerprint Sensing (Page-53), Fingerprint Analysis and Representation (Page-83), Fingerprint Matching (Page-131), Fingerprint Classification and Indexing (Page-173), Synthetic Fingerprint Generation (Page-203), Multimodal Biometric Systems (Page-233), Fingerprint Individuality (Page-257),Securing Fingerprint Systems (Page-281). |
| 650 #0 - SUBJECT ADDED ENTRY--TOPICAL TERM | |
| Topical term or geographic name entry element | Fingerprints |
| General subdivision | Classification. |
| 9 (RLIN) | 82406 |
| 650 #0 - SUBJECT ADDED ENTRY--TOPICAL TERM | |
| Topical term or geographic name entry element | Fingerprints |
| General subdivision | Identification. |
| 9 (RLIN) | 82405 |
| 700 1# - ADDED ENTRY--PERSONAL NAME | |
| Personal name | Jain, Anil K., |
| Dates associated with a name | 1948- |
| 9 (RLIN) | 82407 |
| 856 42 - ELECTRONIC LOCATION AND ACCESS | |
| Materials specified | Publisher description |
| Uniform Resource Identifier | <a href="http://www.loc.gov/catdir/enhancements/fy0817/2003042439-d.html">http://www.loc.gov/catdir/enhancements/fy0817/2003042439-d.html</a> |
| 856 42 - ELECTRONIC LOCATION AND ACCESS | |
| Materials specified | Table of contents only |
| Uniform Resource Identifier | <a href="http://www.loc.gov/catdir/enhancements/fy0817/2003042439-t.html">http://www.loc.gov/catdir/enhancements/fy0817/2003042439-t.html</a> |
| 942 ## - ADDED ENTRY ELEMENTS (KOHA) | |
| Koha item type | Reference |
| Source of classification or shelving scheme | |
| Withdrawn status | Lost status | Source of classification or shelving scheme | Damaged status | Not for loan | Permanent Location | Current Location | Shelving location | Date acquired | Full call number | Barcode | Date last seen | Price effective from | Koha item type | Public note |
|---|---|---|---|---|---|---|---|---|---|---|---|---|---|---|
| Military College of Signals (MCS) | Military College of Signals (MCS) | Reference | 12/12/2016 | 363.258,MAL | MCS30981 | 12/08/2016 | 12/12/2016 | Reference | Almirah No.18, Shelf No.5 |
